El escándalo /

Bibliographic Details
Main Author: Alarcón, Pedro Antonio de, 1833-1891
Format: Book
Language:Spanish
Published: Buenos Aires : Espasa-Calpe Argentina, [1947]
Edition:2. ed.
Series:Colección Austral ; 428
Subjects:

MARC

Tag First Indicator Second Indicator Subfields
LEADER 00000cam a2200000K 4500
001 in00002394837
005 20151109062603.0
008 840509s1947 ag 000 0 spa d
029 1 |a NLGGC  |b 090538447 
035 |a (OCoLC)ocm10710091 
035 |a (OCoLC)10710091 
040 |a CSF  |c CSF  |d OCLCQ  |d DIBAM  |d TXA  |d UtOrBLW 
049 |a TXAM 
090 |a PQ6502  |b .E8 1947xp 
090 |a PQ6502  |b .E8 1947 
100 1 |a Alarcón, Pedro Antonio de,  |d 1833-1891. 
245 1 3 |a El escándalo /  |c Pedro A. De Alarcón. 
250 |a 2. ed. 
264 1 |a Buenos Aires :  |b Espasa-Calpe Argentina,  |c [1947] 
264 4 |c ©1947 
300 |a 242 pages ;  |c 18 cm. 
336 |a text  |b txt  |2 rdacontent 
337 |a unmediated  |b n  |2 rdamedia 
338 |a volume  |b nc  |2 rdacarrier 
490 0 |a Colección Austral ;  |v 428 
650 7 |a NOVELAS ESPAÑOLAS.  |2 renib 
948 |a cataloged  |b h  |c 2008/6/5  |d c  |e vilik  |f 10:06:40 am 
994 |a C0  |b TXA 
999 |a MARS 
999 f f |s 2319328d-88a3-3fda-a5f6-3acc5a13fe60  |i 031d8dec-0d7b-31f8-a706-af868d20c388  |t 0 
952 f f |p ric  |a Texas A&M University  |b Rellis Campus  |c Joint Library Facility  |d Remote Storage  |t 0  |e PQ6502 .E8 1947  |h Library of Congress classification  |i unmediated -- volume  |m A14837246935 
998 f f |a PQ6502 .E8 1947  |t 0  |l Remote Storage